000
00323nam a22001337a 4500
008
181102b xxu||||| |||| 00| 0 eng d
020
_a
9780495601678
041
_a
eng
080
_2
8TH
_a
316
100
_a
50
101
_a
SOC
245
_a
Direct Social Work Practice Theory And Skills
_c
Dean.H.H
942
_2
udc
_c
BK
999
_c
51715
_d
51715